| 000 | 00450nam a22001817a 4500 | ||
|---|---|---|---|
| 003 | CEME | ||
| 005 | 20210628210207.0 | ||
| 008 | 210201b xxu||||| |||| 00| 0 eng d | ||
| 020 | _a969-35-0928-5 | ||
| 040 | _c. | ||
| 082 | _a891.4393 ASH | ||
| 100 |
_aAshfaq Ahmad _93162 |
||
| 245 | _aTilasam hosh afza,science fiction | ||
| 260 |
_aLAHORE _bSANG-E-MEEL _c2000 |
||
| 300 | _a176P | ||
| 650 |
_aURDU ADAB-FICTION ` _965375 |
||
| 942 |
_cBK _2ddc |
||
| 999 |
_c583574 _d583574 |
||